Act widens powers to control licences. (Record no. 76297)
[ view plain ]
| 000 -LEADER | |
|---|---|
| fixed length control field | 01471cab a2200253 4500 |
| 001 - CONTROL NUMBER | |
| control field | ##L131933 |
| 008 - FIXED-LENGTH DATA ELEMENTS--GENERAL INFORMATION | |
| fixed length control field | 051219n2005 000 0 eng u |
| 035 ## - SYSTEM CONTROL NUMBER | |
| System control number | (Sirsi) u131933 |
| 041 0# - LANGUAGE CODE | |
| Language code of text/sound track or separate title | eng |
| 100 1# - MAIN ENTRY--PERSONAL NAME | |
| Personal name | Iliffe, Richard |
| 245 00 - TITLE STATEMENT | |
| Title | Act widens powers to control licences. |
| 260 ## - PUBLICATION, DISTRIBUTION, ETC. | |
| Date of publication, distribution, etc. | 2005 |
| 490 #0 - SERIES STATEMENT | |
| Series statement | Planning (for the Natural and Built Environment) |
| Volume/sequential designation | (1648) 9 December 2005, 14-15(2) |
| 520 ## - SUMMARY, ETC. | |
| Summary, etc. | Examines the shift in the administration of regulatory functions as a consequence of the Licensing Act 2003 coming into force and provides an overview of the licensing reform legislation. The traditional liquor licensing regime has always coexisted uneasily with the development control provisions of town and country planning legislation. The Act makes express provision for planners to have a role in the liquor licensing process. Looks at the planning authority's limited powers to object to an application for a liquor licence and their increased scope afforded by s51 of the Act for raising objections after a licence has been granted. |
| 590 ## - LOCAL NOTE (RLIN) | |
| Local note | IKA030106 |
| 650 24 - SUBJECT ADDED ENTRY--TOPICAL TERM | |
| Topical term or geographic name entry element | LICENSING ACT 2003 |
| 650 24 - SUBJECT ADDED ENTRY--TOPICAL TERM | |
| Topical term or geographic name entry element | CRIME AND DISORDER ACT 1998 S17 |
| 650 24 - SUBJECT ADDED ENTRY--TOPICAL TERM | |
| Topical term or geographic name entry element | PPG1 |
| 650 24 - SUBJECT ADDED ENTRY--TOPICAL TERM | |
| Topical term or geographic name entry element | TOWN AND COUNTRY PLANNING (USE CLASSES) (AMENDMENT) (ENGLAND) ORDER 2005 |
| 650 24 - SUBJECT ADDED ENTRY--TOPICAL TERM | |
| Topical term or geographic name entry element | LICENSING ACT 2003 S51 |
| 690 ## - LOCAL SUBJECT ADDED ENTRY--TOPICAL TERM (OCLC, RLIN) | |
| Topical term or geographic name as entry element | ENVIRONMENTAL AND LAND CONSULTANCY-PLANNING AND DEVELOPMENT-DEVELOPMENT CONTROL-PLANNING ENFORCEMENT |
| 700 1# - ADDED ENTRY--PERSONAL NAME | |
| Personal name | Youdan, Phillip |
| 942 ## - ADDED ENTRY ELEMENTS (KOHA) | |
| Suppress in OPAC | 0 |
| Withdrawn status | Lost status | Source of classification or shelving scheme | Damaged status | Not for loan | Home library | Current library | Shelving location | Date acquired | Total Checkouts | Full call number | Barcode | Date last seen | Copy number | Price effective from | Koha item type |
|---|---|---|---|---|---|---|---|---|---|---|---|---|---|---|---|
| Dewey Decimal Classification | London | London | Journal article | 19/12/2005 | L131933 | 131933-1001 | 06/08/2019 | 1 | 06/08/2019 | Journal article |